Online Catalogue and eLibrary

Women and politics worldwide / (Record no. 549)

MARC details
000 -LEADER
fixed length control field 00652cam a2200217 a 4500
001 - CONTROL NUMBER
control field 635332
005 - DATE AND TIME OF LATEST TRANSACTION
control field 20240306053138.0
008 - FIXED-LENGTH DATA ELEMENTS--GENERAL INFORMATION
fixed length control field 930701s1994 ctuab b 001 0 eng
020 ## - INTERNATIONAL STANDARD BOOK NUMBER
ISBN 0300054076 (cloth : alk. paper)
020 ## - INTERNATIONAL STANDARD BOOK NUMBER
ISBN 0300054084 (paper : alk. paper)
040 ## - CATALOGING SOURCE (பட்டியலாக்க மூலம்)
Original cataloging agency DLC
Transcribing agency DLC
Modifying agency DLC
082 00 - DDC Classification
Class No. 323.334.
DDC Edition Number 20
Item Number - Author Mark WOM.
245 00 - TITLE STATEMENT
Title Women and politics worldwide /
Statement of responsibility, etc. edited by Barbara J. Nelson and Najma Chowdhury.
260 ## - PUBLICATION, DISTRIBUTION, ETC.
Place of publication, distribution, etc. New Haven :
Name of publisher, distributor, etc. Yale University Press,
Date of publication, distribution, etc. 1994.
300 ## - PHYSICAL DESCRIPTION
Extent (e.g. Volumes, Pages etc.) xi, 818 p. :
650 #0 - SUBJECT ADDED ENTRY--TOPICAL TERM
Topical term or geographic name entry element Women
650 #0 - SUBJECT ADDED ENTRY--TOPICAL TERM
Topical term or geographic name entry element Women's rights
700 1# - ADDED ENTRY--PERSONAL NAME
Personal name Nelson, Barbara J.,
Relator term (Role) Editor
700 1# - ADDED ENTRY--PERSONAL NAME
Personal name Caudhurī, Nājamā,
Relator term (Role) Editor
942 ## - Koha item type (Biblio)
Koha item type Books in Stacks (Lending)
Holdings
Lost status Damaged status Collection code Home library Current library Date acquired Full call number Accession Number Item type
    Lending WERC Library WERC Library 03/06/2024 323.334. WOM. 3968 Books in Stacks (Lending)

© WERC Library